The works council, (Record no. 35904)

MARC details
000 -LEADER
fixed length control field 00893cam a22002411 4500
001 - CONTROL NUMBER
control field l 28000122
003 - CONTROL NUMBER IDENTIFIER
control field DLC
005 - DATE AND TIME OF LATEST TRANSACTION
control field 20260227111531.0
008 - FIXED-LENGTH DATA ELEMENTS--GENERAL INFORMATION
fixed length control field 711222s1928 enk 000 0 eng
010 ## - LIBRARY OF CONGRESS CONTROL NUMBER
LC control number l 28000122
035 ## - SYSTEM CONTROL NUMBER
System control number (OCoLC)186155
040 ## - CATALOGING SOURCE
Original cataloging agency DLC
Transcribing agency OClW
Modifying agency OCoLC
-- DLC
050 00 - LIBRARY OF CONGRESS CALL NUMBER
Classification number HD5650
Item number .J8
100 1# - MAIN ENTRY--PERSONAL NAME
Personal name Guillebaud, C. W.
Fuller form of name (Claude William),
Dates associated with a name 1890-1971.
245 14 - TITLE STATEMENT
Title The works council,
Remainder of title a German experiment in industrial democracy,
Statement of responsibility, etc. by C. W. Guillebaud ...
260 ## - PUBLICATION, DISTRIBUTION, ETC.
Place of publication, distribution, etc. Cambridge,
Name of publisher, distributor, etc. At the University press,
Date of publication, distribution, etc. 1928.
300 ## - PHYSICAL DESCRIPTION
Extent viii, [1], 305, [1] p.
Dimensions cm.
500 ## - GENERAL NOTE
General note "Appendix I. Act to establish works councils, February 4, 1920": p. 249-272.
504 ## - BIBLIOGRAPHY, ETC. NOTE
Bibliography, etc. note "Bibliography of works consulted": p. 294-296.
650 #0 - SUBJECT ADDED ENTRY--TOPICAL TERM
Topical term or geographic name entry element Management
Geographic subdivision Germany
General subdivision Employee participation.
650 #0 - SUBJECT ADDED ENTRY--TOPICAL TERM
Topical term or geographic name entry element Labor unions
Geographic subdivision Germany.
710 1# - ADDED ENTRY--CORPORATE NAME
Corporate name or jurisdiction name as entry element Germany (1918- ).
Form subheading Laws, statutes, etc.

No items available.

Powered by Koha